000 00422nam a2200181Ia 4500
001 17331
005 20260306171509.0
008 260306s9999||||xx |||||||||||||| ||und||
041 _aESP
082 _a657.7
_bA93
100 _aAyala Zavala, Pascual
_eAUT
245 0 _aContabilidad intermedia
260 _c2005
300 _a472 páginas :
_c29 cm.
650 _aGEN
654 _aCCO
942 _cLIB
_dJUS
_fJUS
_2ddc
_n
999 _c17331
_d17331